<?xml version="1.0" encoding="UTF-8"?>
<record
    xmlns:xsi="http://www.w3.org/2001/XMLSchema-instance"
    xsi:schemaLocation="http://www.loc.gov/MARC21/slim http://www.loc.gov/standards/marcxml/schema/MARC21slim.xsd"
    xmlns="http://www.loc.gov/MARC21/slim">

  <leader>00569nam a22002177a 4500</leader>
  <controlfield tag="003">UA-OsUOA</controlfield>
  <controlfield tag="001"> 43964 </controlfield>
  <controlfield tag="007">ta</controlfield>
  <controlfield tag="008">20070131b un ||||| |||| 00| 0 ukr d</controlfield>
  <datafield tag="100" ind1=" " ind2=" ">
    <subfield code="a">&#x428;&#x432;&#x430;&#x44F; &#x414;.</subfield>
  </datafield>
  <datafield tag="090" ind1=" " ind2=" ">
    <subfield code="a">908</subfield>
    <subfield code="b">&#x428;-11</subfield>
  </datafield>
  <datafield tag="942" ind1=" " ind2=" ">
    <subfield code="c">SA</subfield>
  </datafield>
  <datafield tag="040" ind1=" " ind2=" ">
    <subfield code="a">UA-OsUOA</subfield>
    <subfield code="b">ukr</subfield>
    <subfield code="c">UA-OsUOA</subfield>
    <subfield code="d">UA-OsUOA</subfield>
  </datafield>
  <datafield tag="245" ind1=" " ind2=" ">
    <subfield code="a">&#x41C;&#x438;&#x442;&#x44C;, &#x437;&#x443;&#x43F;&#x438;&#x43D;&#x438;&#x441;&#x44C;, &#x431;&#x43E; &#x442;&#x438; &#x43F;&#x440;&#x435;&#x43A;&#x440;&#x430;&#x441;&#x43D;&#x430;, &#x430;&#x431;&#x43E; &#x42F;&#x43A; &#x437;&#x430;&#x43F;&#x438;&#x441;&#x430;&#x442;&#x438; &#x440;&#x456;&#x437;&#x434;&#x432;&#x44F;&#x43D;&#x435; &#x441;&#x432;&#x44F;&#x442;&#x43E;?</subfield>
  </datafield>
  <datafield tag="300" ind1=" " ind2=" ">
    <subfield code="a">&#x421;.6</subfield>
  </datafield>
  <datafield tag="955" ind1=" " ind2=" ">
    <subfield code="a">0</subfield>
  </datafield>
  <datafield tag="041" ind1=" " ind2=" ">
    <subfield code="a">ukr</subfield>
  </datafield>
  <datafield tag="080" ind1=" " ind2=" ">
    <subfield code="a">908</subfield>
  </datafield>
  <datafield tag="773" ind1="0" ind2=" ">
    <subfield code="w">43961</subfield>
  </datafield>
  <datafield tag="650" ind1=" " ind2="7">
    <subfield code="a">908 &#x41A;&#x440;&#x430;&#x454;&#x437;&#x43D;&#x430;&#x432;&#x441;&#x442;&#x432;&#x43E;</subfield>
    <subfield code="2">UDC</subfield>
  </datafield>
  <datafield tag="999" ind1=" " ind2=" ">
    <subfield code="c">330083</subfield>
    <subfield code="d">330083</subfield>
  </datafield>
</record>
